Quizzes
Events
Quiz Creation
Community
Videos
Private Events
Remove Ads
Sign In
Join for FREE
Feedback
Dark Mode
Quiz Categories
Sports
Geography
Music
Movies
Television
Just For Fun
Miscellaneous
History
Literature
Language
Science
Gaming
Entertainment
Religion
Holiday
For Kids
Quiz Lab
Recent
Popular Today
Quiz Kudos Today
Editor Picks
Curator Picks
Quizzes by...
Day
Popularity
Type
Ratings
Length
Year
Community
Subscriptions
Recent Discussions
Orange Saloon
Badges
Playlists
Quests
Create
Leaderboards
Showdown
Live 5
Trivia Bingo
Activity
Puzzle Library
Sporcle Events
Private Events
Virtual Trivia
Globe League
Become a Host
Pub Owners
SporcleCon
Opinionation
Our Games
Videos
Blog
Mobile Apps
Partnerships
Remove Ads and Go Orange
Feedback
Sports
Athletes
MLB
NBA
NHL
NFL
Soccer
Sports Teams
WWE
NCAA
Football
Premier League
Basketball
Baseball
Hockey
Golf
Tennis
Cricket
Rugby
Auto Racing
Olympics
World Cup
Sports
Athletes
MLB
NBA
NHL
NFL
Soccer
Sports Teams
WWE
NCAA
Football
Premier League
Basketball
Baseball
Hockey
Golf
Tennis
Cricket
Rugby
Auto Racing
Olympics
World Cup
Random Quiz
Search Sporcle
×
Quiz Lab
Quiz Lab
Sports
MLB
Type in answers that appear in a list
Type in answers that appear in a list
Classic
Best Score? Go Orange.
MLB: All-Time 'C' Team Stats
Can you name the MLB players, 1876-2021, with the highest career WAR by position whose last names begin with the letter C?
By
savoyard1
6m
31 Questions
992 Plays
992 Plays
992 Plays
Comments
Comments
Give Quiz Kudos
Give Quiz Kudos
-
- Ratings
hide this ad
More Info
Replay
Link that replays current quiz
Next Quiz
Link to next quiz in quiz playlist
You Got
0%
They Got
Avg Score
48%
Avg Friend Score
Upgrade to see
Score Distribution
Jump to the score distribution portion of the page
Score
0/31
Timer
06:00
0
Plays Today
Position
Answer
% Correct
C
Gary Carter
90.3%
CF
Ty Cobb
85.6%
SP
Roger Clemens
84.7%
2B
Eddie Collins
79%
3B
Jimmy Collins
79%
SP
Steve Carlton
76.3%
RF
Roberto Clemente
74.2%
1B-
2B
Rod Carew
73.4%
1B
Will Clark
70.7%
C
Mickey Cochrane
68%
2B
Robinson Cano
62.8%
3B-
1B
Miguel Cabrera
54.3%
RF
Sam Crawford
52.6%
SP
Wilbur Cooper
48.8%
LF
Fred Clarke
48.2%
SS
Bert Campaneris
46.6%
Position
Answer
% Correct
3B
Ron Cey
44.8%
1B
Roger Connor
44.7%
SS
Joe Cronin
43.9%
SP
John Clarkson
40.5%
SP
David Cone
38.1%
CF
Max Carey
37%
LF
Jose Cruz
34.9%
RP
Aroldis Chapman
29.5%
SP
Stan Coveleski
24.7%
SP
Eddie Cicotte
24.5%
SP
Bartolo Colon
19.4%
SP/
RP
John Candelaria
16.9%
RP
Francisco Cordero
15%
RP
Clay Carroll
8.8%
RP
Tyler Clippard
2.3%
Quiz Playlist
Details
Report
Send in Message
Add To Playlist
More Info:
Some runners-up are bonus answers. Asterisk means Hall of Fame.
Classic:
Type in answers that appear in a list
Quiz Source
Last Updated: Nov 22, 2021
Quiz Scoreboard
CHALLENGE
Sign Up to Join the Scoreboard
Show All
Scores
Hide
Comments
May contain spoilers
Recently Published
Billboard Blitz: Fleetwood Mac
by CooCooCachoo
Music
15s
Presidents Visiting Landmarks
by Hejman
History
7m
An Introduction to Baseball
by treessimontrees
Sports
5m
More to Explore
Quiz From the Vault
Featured Blog Post
Where Did the Easter Bunny Come From?
hide this ad
You Might Also Like...
Tags
Baseball Quiz
MLB Quiz
War Quiz
All Time
Career
Letter C
Wins Above Replacement
Today's Top Quizzes in Sports
Browse Sports
hide this ad
Today's Top Quizzes in MLB
Browse MLB
Top Contributed Quizzes in Sports
1
Les meilleurs buteurs des matchs entre le PSG et l’OM
2
2022 World Cup Stars
3
FIFA Club World Cup Champions
4
Les entraîneurs de l'OM et du PSG au 21e siècle
5
Criteria MLB: Left Handed Sluggers
6
Name the Premier League winners with different clubs
7
5-to-1: UK Sports Teams
8
AFC Teams Reveal (Wrong Answers Minefield)
9
Players with Multiple 50 Home Run Seasons
10
5-to-1: FBS Animal Nicknames
Explore More
Trending Topics
Harry Potter
Anime
Disney
Kpop
Marvel
NBA
Crossword
NFL
WWE
Song
Country
Puzzle
Soccer
Pokémon
The Office
hide this ad
More By:
savoyard1
Quiz
Plays
Rating
Category
Featured
Created
Add a 'D' to the Beginning
23,695
4.47
Language
Jul 7, 2016
MLB: Fewest Seasons to 2000 Strikeouts
11,058
4.79
Sports
Dec 22, 2021
German Brewery or German Chancellor?
10,993
4.73
Just For Fun
Dec 10, 2021
Word Ladder: HoF Pitchers
9,434
4.27
Just For Fun
Aug 23, 2015
French Cheese or French President?
9,355
4.84
Just For Fun
Nov 5, 2021
Go to Creator's Profile
Score Distribution
Quiz Creator Spotlight
savoyard1
Follow
Send a Message
Quizzes Created
-
Created Quiz Play Count
-
More By This Creator
Popular Quizzes Today
1
Find the US States - No Outlines Minefield
2
Find the Countries of Europe - No Outlines Minefield
3
The Countries of the World
4
Find the US States
5
US States
6
Popular People in 1961
7
Risky Map Clicking: Biggest States A-Z
8
Movies - When Are They Set?
More Sports Quizzes
Have I Won the Premier League?
Published
Trending Quizzes
Risky Map Clicking: Least Populous States A-Z
1-10 Letter G Words
1-10 Letter F Words
Risky Map Clicking: Next State Alphabetically
Risky Map Clicking: Biggest States A-Z
Recently Updated
Leaping Animals
pecheneg
Reality TV Shows (A-Z)
bhenderson79
Rickey Henderson's Hall of Fame Teammates
pecheneg
Champions League XIs: Arsenal
pecheneg
Quick Pick: Celebrities in WWE's Hall of Fame
aduchscher
A-Z Keypad Blitz II
pecheneg
Multiple Oscar Actors
pecheneg
Mystery Phrase Blitz: Oscar 'Best Actors'
pecheneg
F. Scott Fitzgerald Novels
LTH
Pick 3 Villains
ddd62291
Trending Topics
Disney
Crossword
Marvel
Anime
Harry Potter
Kpop
NBA
The Office
Puzzle
Song
Pokémon
NFL
WWE
Country
Soccer
Your Account Isn't Verified!
In order to create a playlist on Sporcle, you need to verify the email address you used during registration. Go to your
Sporcle Settings
to finish the process.
Report this User
Report this user for behavior that violates our
Community Guidelines
.
Details:
Send Report
Go to the Sporcle.com Mobile Site →
Comments